Deutsche Musiker/Bands am Songtitel erraten (Teil 2) - Statistiken

Allgemein
  • Dieses Quiz wurde 629 mal gespielt
  • Das Durchschnittsergebnis liegt bei 13 aus 20
Antwortstatistiken
Songtitel Band/Musiker % Korrekt
Atemlos durch die Nacht Helene Fischer
96%
Durch den Monsun Tokio Hotel
92%
Die da?!? Fantastischen Vier
80%
Hamma! Culcha Candela
79%
Perfekte Welle Juli
78%
How much is the fish? Scooter
78%
Wind of Change Scorpions
78%
Abenteuerland Pur
74%
Ein Kompliment Sportfreunde Stiller
69%
Ich lass für dich das Licht an Revolverheld
60%
Skandal im Sperrbezirk Spider Murphy Gang
59%
Ein Bett im Kornfeld Jürgen Drews
58%
Schlechtes Vorbild Sido
57%
Oh Jonny Jan Delay
53%
Big in Japan Alphaville
51%
Küssen verboten Die Prinzen
49%
Tanz aus der Reihe SDP
41%
Nur ein Wort Wir sind Helden
39%
Autobahn Kraftwerk
35%
Wie soll ein Mensch das ertragen? Philipp Poisel
30%
Keine übereinstimmenden Quizze gefunden
Verteilung der Resultate
Anzahl Personen mit jedem Resultat
Perzentil nach korrekt beantworteten Fragen
Ihre Resultats-Entwicklung
Sie haben dieses Quiz noch nicht gespielt